000
00290nam a22001337a 4500
008
180105b xxu||||| |||| 00| 0 eng d
020
_a
9780838525951
041
_a
eng
080
_a
610.73
100
_a
1
101
_a
INF
245
_a
First Aid for the Wards
_c
Le, T
942
_2
udc
_c
BK
999
_c
39791
_d
39791